Представление документа в формате RUSMARC

ПолеНазваниеЗначение
  Тип записи c
  Библиографический уровень m
001 Контрольный номер RU/УОНБ/EK_N/322865970
005 Дата корректировки 20250520124816.6
010 Индекс ISBN __
9 Тираж 540 экз.
013 Номер (ISMN) __
d Цена 25 к.
071 Издательские номер (звукозапись и ноты) 21
a Номер, присвоенный агентством 2158
100 Данные общей обработки __
a Данные общей обработки 20140117d1966 u y0rusy0103 ca
101 Язык документа 0_
a Язык текста rus
f Язык титульного листа rus
102 Страна публикации __
a Страна публикации RU
125 Кодированные данные звукозаписи и нотных изданий __
a Форма изложения нотного текста с|
128 Кодированные данные (звукозаписи-физические характеристики) __
a Кодированные данные: Музыкальная форма и тональность или лад li
c Инструменты или голоса, рекомендуемые для солистов (устаревшее) ka||
c Инструменты или голоса, рекомендуемые для солистов (устаревшее) vh||
200 Заглавие и сведения об ответственности 1_
a Заглавие Живая тишина
b Общее обозначение материала [Ноты]
e Сведения, относящиеся к заглавию вокал. цикл для высокого голоса в сопровожд. фп.
e Сведения, относящиеся к заглавию соч. 12
f Первые сведения об ответственности Д. Благой
g Последующие сведения об ответственности слова В. Берестова
210 Выходные данные 1_
a Место издания Москва
c Издательство Музыка
d Дата издания 1966
215 Физическое описание __
a Объем 22 c.
d Формат 29 см
225 Серия 1_
a Серия Песни и романсы советских композиторов
327 Примечание о содержании 11
a Примечание о содержании Содерж. : Зимний день ; Март ; Подсолнух в дождь ; Тополь ; Поздней осенью.
464 Аналитический уровень _0
1 2001
a Зимний день
e День настал, и вдруг стемнело...
1 702 1
a Берестов
b В.
4 520
464 Аналитический уровень _0
1 2001
a Март
e Опять сугробы выросли на крышах...
1 702 1
a Берестов
b В.
4 520
464 Аналитический уровень _0
1 2001
a Подсолнух в дождь
e Все утро дождик... Ничего веселого...
1 702 1
a Берестов
b В.
4 520
464 Аналитический уровень _0
1 2001
a Тополь
e Как зелен, тополь молодой...
1 702 1
a Берестов
b В.
4 520
464 Аналитический уровень _0
1 2001
a Поздней осенью
e Спит орешник у лесной сторожки...
1 702 1
a Берестов
b В.
4 520
512 Заглавие обложки 1_
a Заглавие обложки Живая тишина
606 Тематические рубрики 0_
a Основная рубрика Вокальные циклы советских композиторов
x Основная подрубрика Высокий голос
610 Ключевые слова 0_
a Ключевые слова фортепиано
610 Ключевые слова 0_
a Ключевые слова высокий голос
610 Ключевые слова 0_
a Ключевые слова вокальные циклы
686 Индексы других классификаций __
a Классификационный индекс 85.943.1-42я44
2 Код системы rubbk
700 Автор _1
a Фамилия Благой
b Имя (инициалы) Д. Д.
g Полное личное имя Дмитрий Дмитриевич
702 Вторичная интеллектуальная ответственность _1
a Фамилия Берестов
b Имя (инициалы) В.
4 Код отношения 520
801 Источник записи _0
a Страна RU
b Организация Ульяновская ОНБ
c Дата составления 20140117
g Правила каталогизации PSBO
801 Источник записи _1
a Страна RU
b Организация Ульяновская ОНБ
c Дата составления 20140117
901 Тип документа __
t Тип документа m
909 Создатель записи __
a Создатель записи Грязнова И. Е.
938 Служебная информация __
a Имя БД noti
b Имя библиотеки УОНБ
c Имя АИБС МАРК-SQL
d Номер DOC_ID в БД 7692